000 00361 a2200109 4500
001 ART_8637
005 20260410161834.0
008 260409a
245 1 0 _aHipótesis subyacentes y comentarios sobre la programación lineal
100 1 _aBonatti, Patricia
773 0 _tContabilidad y administración
_g- Año 3, Nº 29 (nov. 1979)
_wREV5485
999 _c23464
_d23464